Music Quiz

Random Music or Song Quiz

Led Zeppelin Lyrics Quiz Stats

 Plays Quiz not verified by Sporcle

Challenge
Share
Tweet
Embed
Score 0/25 Timer 20:00
1 Play Today
% Correct
Stairway to Heaven
92.9%
Immigrant Song
90.8%
Black Dog
88.3%
Whole Lotta Love
85.8%
Rock and Roll
84%
Good Times, Bad Times
83%
Heartbreaker
80.9%
Kashmir
80.9%
Going to California
69.9%
D'yer Mak'er
69.9%
Over the Hills and Far Away
69.5%
Dazed and Confused
69.5%
Thank You
68.1%
% Correct
Fool in the Rain
66.7%
Since I've Been Loving You
65.6%
When the Levee Breaks
59.2%
Boogie with Stu
57.4%
Dancing Days
57.4%
What Is and What Should Never Be
55.7%
The Ocean
55.7%
Misty Mountain Hop
55.3%
No Quarter
54.6%
The Rover
44.7%
How Many More Times
44.7%
Sick Again
33.3%

You're not logged in!

Compare scores with friends on all Sporcle quizzes.
Join for Free
OR
Log In

You Might Also Like...

Show Comments

Extras

Top Quizzes Today


Score Distribution

Your Account Isn't Verified!

In order to create a playlist on Sporcle, you need to verify the email address you used during registration. Go to your Sporcle Settings to finish the process.

Report this User

Report this user for behavior that violates our Community Guidelines.

Details: